[Event "ACT-ch"]
[Site "Canberra"]
[Date "2014.03.29"]
[Round "7"]
[White "Danaswara, Indis"]
[Black "Turner, Ryan"]
[Result "1-0"]
[WhiteElo "826"]
[BlackElo "899"]
[PlyCount "51"]
[EventDate "2014.03.21"]
[EventType "swiss"]
[EventRounds "9"]
[EventCountry "AUS"]
[SourceTitle "CBM 159 Extra"]
[Source "ChessBase"]
[SourceDate "2014.04.24"]
[SourceVersion "1"]
[SourceVersionDate "2014.04.24"]
[SourceQuality "1"]

1. e4 e5 2. Nf3 Nc6 3. d4 exd4 4. Nxd4 Nxd4 5. Qxd4 b6 6. g3 Bb7 7. Bg2 Qe7 8. 0-0 0-0-0 9. Nc3 Nf6 10. Re1 d6 11. Bd2 Qe6 12. e5 c5 13. Qh4 Nd5 14. exd6 Qxd6 15. Bh3+ Kb8 16. Nb5 Qf6 17. Bg5 Qxb2 18. Rab1 Qxc2 19. Bxd8 f6 20. Bc7+ Nxc7 21. Qf4 Bd6 22. Qxd6 Rc8 23. Bxc8 Ka8 24. Nxc7+ Kb8 25. Na6+ Kxc8 26. Qc7# 1-0

[Event "ACT-ch"]
[Site "Canberra"]
[Date "2014.03.29"]
[Round "6"]
[White "Turner, Ryan"]
[Black "Winkelman, Albert"]
[Result "0-1"]
[WhiteElo "899"]
[BlackElo "917"]
[PlyCount "130"]
[EventDate "2014.03.21"]
[EventType "swiss"]
[EventRounds "9"]
[EventCountry "AUS"]
[SourceTitle "CBM 159 Extra"]
[Source "ChessBase"]
[SourceDate "2014.04.24"]
[SourceVersion "1"]
[SourceVersionDate "2014.04.24"]
[SourceQuality "1"]

1. e4 e6 2. Nf3 Ne7 3. d4 d5 4. e5 Nf5 5. Bd3 c5 6. Bxf5 exf5 7. Be3 Qa5+ 8. Nc3 Nc6 9. Qd2 Be6 10. 0-0-0 cxd4 11. Nxd4 Bb4 12. Ndb5 Bxc3 13. Nxc3 Nxe5 14. Qd4 Nc4 15. Qxg7 0-0-0 16. Rhe1 Qb4 17. Ne2 Rhg8 18. Qc3 Qxc3 19. Nxc3 Rxg2 20. h4 Rh2 21. Bg5 Rd7 22. Re2 h6 23. Bf6 Rd6 24. Nb5 Rb6 25. Nxa7+ Kd7 26. b3 Nd6 27. a4 Rc6 28. Nb5 Nxb5 29. axb5 Rb6 30. c4 Kc8 31. Bd4 Rd6 32. Be5 f4 33. Bxd6 Bg4 34. Rc2 Bxd1 35. cxd5+ Kd7 36. Kxd1 Kxd6 37. Rd2 Rxh4 38. Ke2 Rh3 39. b4 Rb3 40. Rd4 f3+ 41. Kd2 h5 42. Kc2 Ra3 43. Rf4 Ra2+ 44. Kd3 Rxf2 45. Ke4 Rd2 46. Rf6+ Ke7 47. Rxf3 Rb2 48. Kd4 Rxb4+ 49. Kc5 Rb1 50. d6+ Ke8 51. Re3+ Kd8 52. Re7 Rc1+ 53. Kb6 f5 54. Rf7 Rf1 55. Kxb7 h4 56. Kc6 Rc1+ 57. Kd5 h3 58. b6 h2 59. Ke6 Re1+ 60. Kf6 h1Q 61. b7 Qh6+ 62. Kxf5 Qxd6 63. b8Q+ Qxb8 64. Rf8+ Kc7 65. Rxb8 Kxb8 0-1

[Event "ACT-ch"]
[Site "Canberra"]
[Date "2014.03.23"]
[Round "4"]
[White "Kethro, Michael"]
[Black "Turner, Ryan"]
[Result "1-0"]
[WhiteElo "1831"]
[BlackElo "899"]
[PlyCount "49"]
[EventDate "2014.03.21"]
[EventType "swiss"]
[EventRounds "9"]
[EventCountry "AUS"]
[SourceTitle "CBM 159 Extra"]
[Source "ChessBase"]
[SourceDate "2014.04.24"]
[SourceVersion "1"]
[SourceVersionDate "2014.04.24"]
[SourceQuality "1"]

1. d4 d5 2. c4 Nf6 3. cxd5 Nxd5 4. e4 Nb6 5. Nc3 e6 6. Be3 Bb4 7. Nf3 Nc6 8. Bd3 f6 9. 0-0 Bxc3 10. bxc3 Qd6 11. Qe2 Bd7 12. c4 Nc8 13. c5 Qf8 14. d5 exd5 15. exd5 Ne5 16. Nxe5 fxe5 17. Qh5+ Kd8 18. Bg5+ Ne7 19. d6 cxd6 20. cxd6 Kc8 21. Bxe7 g6 22. Rfc1+ Kb8 23. Qxe5 Qe8 24. Rab1 Bc6 25. d7# 1-0